书目信息 |
| 题名: |
马克思主义著作选读
|
|
| 作者: | ||
| 分册: | ||
| 出版信息: | 北京 高等教育出版社 1993 |
|
| 页数: | 611 | |
| 开本: | 20cm | |
| 丛书名: | ||
| 单 册: | ||
| 中图分类: | A71 | |
| 科图分类: | ||
| 主题词: | 毛泽东--传记 , 恩格斯--生平事迹 , 恩格斯--传记 , 列宁--生平事迹 , 马克思--生事迹 , 马克思--传记 , 列宁--传记 , 毛泽东--生平事迹 | |
| 电子资源: | ||
| ISBN: | 7-04-004113-8 | |
| 000 | 00654nam0 2200253 450 | |
| 001 | 0734081268 | |
| 005 | 20071007092801.28 | |
| 010 | @a7-04-004113-8 | |
| 100 | @a20071007d km y0chiy0120 ea | |
| 101 | 0 | @achi |
| 200 | 1 | @a马克思主义著作选读@Ama ke si zhu yi zhu zuo xuan du |
| 210 | @a北京@c高等教育出版社@d1993 | |
| 215 | @a611@d20cm | |
| 606 | 0 | @a毛泽东@x传记 |
| 606 | 0 | @a恩格斯@x生平事迹 |
| 606 | 0 | @a恩格斯@x传记 |
| 606 | 0 | @a列宁@x生平事迹 |
| 606 | 0 | @a马克思@x生事迹 |
| 606 | 0 | @a马克思@x传记 |
| 606 | 0 | @a列宁@x传记 |
| 606 | 0 | @a毛泽东@x生平事迹 |
| 690 | @aA71@v3 | |
| 801 | 0 | @aCN@bPFT@c20071007 |
| 905 | @a213230@dA71@ea10@f1 | |
| 马克思主义著作选读.-北京:高等教育出版社,1993 |
| 611;20cm |
| ISBN 7-04-004113-8: |
| ● |
| 相关链接 |
|
|
|
|
正题名:马克思主义著作选读
索取号:A71/a10
 
预约/预借
| 序号 | 登录号 | 条形码 | 馆藏地/架位号 | 状态 | 备注 |
| 1 | 7509755 | 275097556 | 史法系资料室/ [索取号:A71/a10] | 在馆 |